Juventus - Tous les joueurs (2010-2020) - Statistiques

Statistiques générales
  • Ce quiz a été pris 1 528 fois
  • Le résultat moyen est 36 sur 115
Statistiques - réponses
Saisons Nationalité Joueur Nb de matchs % Correct
2010-2017, 2018-2020 Italie Leonardo Bonucci 291
97%
2010-2018, 2019-2020 Italie Gianluigi Buffon 244
96%
2010-2020 Italie Giorgio Chiellini 249
95%
2015-2020 Argentine Paulo Dybala 161
92%
2012-2016 France Paul Pogba 134
92%
2015-2020 Colombie Juan Cuadrado 130
90%
2016-2020 Bosnie-Herzégovine Miralem Pjanic 122
90%
2011-2015 Chili Arturo Vidal 124
89%
2011-2015 Italie Andrea Pirlo 119
83%
2018-2020 Portugal Cristiano Ronaldo 64
83%
2019-2020 France Adrien Rabiot 28
81%
2015-2020 Brésil Alex Sandro 135
81%
2015-2019 Croatie Mario Mandzukic 118
81%
2010-2019 Italie Andrea Barzagli 206
79%
2010-2018 Italie Claudio Marchisio 217
76%
2016-2018, 2019-2020 Argentine Gonzalo Higuain 105
75%
2015-2020 Allemagne Sami Khedira 99
75%
2017-2020 France Blaise Matuidi 98
74%
2014-2016 Espagne Alvaro Morata 63
73%
2018-2020 Allemagne Emre Can 37
72%
2019-2020 Brésil Danilo 22
67%
2012-2018 Ghana Kwadwo Asamoah 116
67%
2011-2018 Suisse Stephan Lichtsteiner 201
67%
2019-2020 Pays de Galles Aaron Ramsey 24
66%
2013-2015 Argentine Carlos Tevez 66
61%
2018-2019 Portugal Joao Cancelo 25
61%
2019-2020 Pays-Bas Matthijs de Ligt 29
60%
2016-2019 Maroc Medhi Benatia 40
60%
2016-2018 France Patrice Evra 53
60%
2017-2020 Pologne Wojciech Szczesny 74
59%
2017-2020 Brésil Douglas Costa 71
57%
2017-2020 Uruguay Rodrigo Bentancur 81
57%
2010-2012 Italie Alessandro Del Piero 56
56%
2018-2019 Italie Mattia Perin 9
52%
2015-2017 Gabon Mario Lemina 29
49%
2017-2020 Italie Mattia De Sciglio 43
48%
2011-2016, 2018-2019 Uruguay Martin Caceres 71
47%
2015-2020 Italie Daniele Rugani 79
46%
2016-2017, 2018-2019 Italie Moise Kean 16
46%
2014-2016 France Kingsley Coman 15
44%
2016-2017 Brésil Dani Alves 19
42%
2017-2020 Italie Federico Bernardeschi 79
41%
2019-2020 Turquie Merih Demiral 6
37%
2012-2014, 2015-2016 Chili Mauricio Isla 30
29%
2011-2014 Monténégro Mirko Vucinic 75
29%
2013-2016 Espagne Fernando Llorente 66
28%
2012-2015 Italie Sebastian Giovinco 55
26%
2010-2014 Italie Fabio Quagliarella 84
23%
2016-2017 Croatie Marko Pjaca 14
23%
2017-2020 Italie Carlo Pinsoglio 3
22%
2010-2013, 2014-2015 Italie Alessandro Matri 74
20%
2012-2013 Danemark Nicklas Bendtner 9
20%
2012-2013 France Nicolas Anelka 2
20%
2010-2015 Italie Paolo De Ceglie 48
20%
2014-2016 Argentine Roberto Pereyra 48
19%
2014-2018 Italie Stefano Sturaro 64
18%
2017-2018 Allemagne Benedikt Höwedes 3
16%
2010-2011 Brésil Felipe Melo 29
16%
2018-2019 Italie Leonardo Spinazzola 10
16%
2015-2016 Italie Simone Zaza 19
16%
2016-2017 Venezuela Tomas Rincon 13
16%
2015-2017 Brésil Neto 11
15%
2010-2015 Italie Simone Pepe 66
15%
2015-2017 Brésil Hernanes 23
14%
2011-2016 Italie Simone Padoin 84
13%
2013-2015 Italie Angelo Ogbonna 41
12%
2010-2011 Italie Luca Toni 14
12%
2010-2011 Mali Mohamed Sissoko 18
12%
2010-2015 Italie Marco Storari 43
10%
2010-2012 Serbie Milos Krasic 40
10%
2011-2013 Italie Emanuele Giaccherini 40
9%
2010-2012 Italie Fabio Grosso 21
9%
2010-2011, 2013-2014 Italie Marco Motta 24
9%
2010-2011 Italie Amauri 9
8%
2010-2011 Sénégal Armand Traoré 10
8%
2011-2012 Pays-Bas Eljero Elia 4
7%
2010-2011 Italie Vincenzo Iaquinta 20
7%
2013-2014 Italie Dani Osvaldo 11
6%
2011-2013 Italie Luca Marrone 13
6%
2018-2019 Brésil Matheus Pereira 3
6%
2018-2019 Chypre Grigoris Kastanos 1
5%
2010-2011 Uruguay Jorge Andrés Martinez 1414
5%
2012-2013 Brésil Lucio 1
5%
2016-2017 Italie Rolando Mandragora 1
5%
2012-2014 Brésil Rubinho 2
5%
2018-2019 Angleterre Stephy Mavididi 1
5%
2010-2011 Italie Alberto Aquilani 33
4%
2016-2017 Italie Emil Audero 1
4%
2012-2014 Italie Federico Peluso 21
4%
2010-2011 Danemark Frederik Sorensen 17
4%
2019-2020 Italie Gianluca Frabotta 1
4%
2011-2012 Italie Marco Borriello 13
4%
2010-2011 Rép. Tchèque Zdenek Grygera 13
4%
2019-2020 Belgique Daouda Peeters 1
3%
2019-2020 Albanie Giacomo Vrioni 1
3%
2010-2011 Bosnie-Herzégovine Hasan Salihamidzic 10
3%
2011-2012 Paraguay Marcelo Estigarribia 14
3%
2010-2011 Italie Nicola Legrottaglie 5
3%
2014-2015 Italie Rômulo 4
3%
2015-2016 Italie Andrea Favilli 1
2%
2014-2015 Italie Federico Mattiello 2
2%
2018-2019 Italie Manolo Portanova 1
2%
2014-2015 Italie Mattia Vitale 2
2%
2011-2012 Italie Michele Pazienza 8
2%
2010-2012 Italie Alberto Libertazzi 2
1%
2010-2011 Italie Davide Lanzafame 3
1%
2010-2011 Italie Filippo Boniperti 1
1%
2018-2019 Italie Hans Nicolussi 3
1%
2010-2011 Italie Leandro Rinaudo 1
1%
2019-2020 Italie Luca Zanimacchia 2
1%
2010-2011 Italie Manuel Giandonato 2
1%
2019-2020 Italie Marco Olivieri 3
1%
2010-2011 Italie Niccolo Giannetti 1
1%
2018-2019 Italie Paolo Gozzi 1
1%
2019-2020 Italie Simone Muratore 4
1%
Aucun quiz correspondant
Distribution des résultats
% des personnes avec chaque résultat
Percentile par nombre de réponses
Votre historique - résultats
Vous n’avez pas pris ce quiz